Statistics for Lyrics to All Star by smash mouth part 1

Click here to take the quiz!

General Stats

  • This quiz has been taken 12 times
  • The average score is 14 of 15

Answer Stats

HintAnswer% Correct
So what's wrong with taking the ___ streetsBack
100%
Your ____ gets smart butBrain
100%
The years start ______ and they don't stopComing
100%
You'll never know if you ____ goDon't
100%
She was looking kind of ____with herDumb
100%
Of an L on her ________. WellForehead
100%
And I hit the ___ runningGround
100%
Roll me I ain't the _____ tool in the shedSharpest
100%
Finger and her _____ in the shapeThumb
100%
Somebody once told me the ___ is gonnaWorld
100%
So much to do so much to ___See
90%
Your ____ gets dumbHead
80%
Didn't make sense not to ___ for funLive
80%
Coming. __ to the rulesFed
70%
You'll never shine if you don't _____Glow
70%

Score Distribution

Percentile by Number Answered

Percent of People with Each Score

Your Score History

You have not taken this quiz